Noem de dorpen van/op het eiland Texel - 7 - Statistieken

Algemene statistieken
  • Deze quiz is 33 keer genomen
  • De gemiddelde score is 4 van 7
Antwoordstatistieken
Antwoord % Correct
Den Burg
100%
De Koog
83%
De Cocksdorp
67%
Den Hoorn
50%
Oudeschild
42%
De Waal
38%
Oosterend
33%
Geen overeenkomende quizzen gevonden
Scoreverdeling
Procent van Mensen met Elke Score
Percentiel versus Aantal Correcte Antwoorden
Uw Scoregeschiedenis
U heeft deze quiz nog niet genomen